| 000 | 00820nam a2200265 a 4500 | ||
|---|---|---|---|
| 001 | 000026948 | ||
| 003 | OSt | ||
| 005 | 20250122110128.0 | ||
| 007 | ta | ||
| 008 | 110328r2016 dr ac r 000 0 spa d | ||
| 040 |
_aDO-SdBNP _bspa _cBNPHU |
||
| 082 | 7 | 4 |
_a972.930643 _bC794m _222 |
| 100 | 1 |
_aCordero, Margarita _939 |
|
| 245 | 1 | 0 |
_aMujeres de abril / _cMargarita Cordero. |
| 260 |
_aSanto Domingo : _bCIPAF, _c1985. |
||
| 300 |
_a187 p. : _bil., retrs. ; _c22 cm. |
||
| 490 | 1 | _aTeoría | |
| 650 | 0 |
_92451 _aMujeres en la política |
|
| 650 | 0 |
_92066 _aMujeres en República Dominicana |
|
| 651 | 0 |
_945522 _aRepública Dominicana _xHistoria _y1965 |
|
| 651 | 0 |
_aRepública Dominicana _xRevolución de abril _y1965 _978456 |
|
| 830 | 0 |
_aTeoría _935948 |
|
| 910 | _aValidado. Control de calidad. MAA | ||
| 942 |
_2ddc _cLBS1 |
||
| 999 |
_c26440 _d26440 |
||